000 00343nam a2200145Ia 4500
008 150201s2008 xx 000 0 und d
082 _a617.6
_bB2008G
100 _aGREENBURG
245 _aBURKETS ORAL MEDICINE
250 _a11TH
260 _bB.C.DECKER
_aTORONTO
_c2008
300 _a1-586
650 _aORAL MEDICINE
942 _2ddc
_cBK
_024
999 _c4536
_d4536